000 00552cam a22002053a 4500
001 39426
003 PGUSA
005 20140828083857.0
008 120411s2012||||xxu|||||s|||||000 | eng d
040 _aPGUSA
_beng
042 _adc
100 1 _aScott, Eva
245 1 0 _aRupert Prince Palatine
_h[electronic resource] /
_cEva Scott
260 _bProject Gutenberg,
_c2012
506 _aPublic domain in the USA.
516 _aElectronic text
830 0 _aProject Gutenberg
_v39426
856 4 0 _uhttp://www.gutenberg.org/ebooks/39426
942 _cEB
999 _c268679
_d268679